Sociologie de la précarité (notice n° 1925315)

détails MARC
000 -LEADER
fixed length control field 01191cam a2200133 4500500
005 - DATE AND TIME OF LATEST TRANSACTION
control field 20260329023201.0
041 ## - LANGUAGE CODE
Language code of text/sound track or separate title fre
042 ## - AUTHENTICATION CODE
Authentication code dc
100 10 - MAIN ENTRY--PERSONAL NAME
Personal name Bresson, Maryse
Relator term author
245 00 - TITLE STATEMENT
Title Sociologie de la précarité
260 ## - PUBLICATION, DISTRIBUTION, ETC.
Name of publisher, distributor, etc. Armand Colin,<br/>
Date of publication, distribution, etc. 2020.<br/>
520 ## - SUMMARY, ETC.
Summary, etc. La « précarité » est une entrée privilégiée pour rendre compte du monde contemporain. Cette notion cristallise l’angoisse sociale bien au-delà des terres traditionnelles de la pauvreté et de l’instabilité. D’où l’intérêt de ce livre, synthèse des travaux sociologiques sur le sujet : il rend compte des réalités de la précarité, présente les interprétations, et invite au renouvellement de la réflexion, en s’appuyant notamment sur le concept de « lien social ». Ce faisant, il aide à affronter la question fondamentale : les incertitudes et l’instabilité sont-elles des traits constitutifs des sociétés individualistes d’aujourd’hui ? Ou ne sont-elles que la traduction d’une crise générale du travail, de la famille et des institutions ?
856 41 - ELECTRONIC LOCATION AND ACCESS
Uniform Resource Identifier <a href="https://shs.cairn.info/sociologie-de-la-precarite--9782200623784?lang=fr&redirect-ssocas=7080">https://shs.cairn.info/sociologie-de-la-precarite--9782200623784?lang=fr&redirect-ssocas=7080</a>

Pas d'exemplaire disponible.

PLUDOC

PLUDOC est la plateforme unique et centralisée de gestion des bibliothèques physiques et numériques de Guinée administré par le CEDUST. Elle est la plus grande base de données de ressources documentaires pour les Étudiants, Enseignants chercheurs et Chercheurs de Guinée.

Adresse

627 919 101/664 919 101

25 boulevard du commerce
Kaloum, Conakry, Guinée

Réseaux sociaux

Powered by Netsen Group @ 2025